000 00808nam a2200241 a 4500
001 BRCA_2601
005 20190320203902.0
008 281108s1929----enka---###---#000-0#eng-#
050 4 _aNE885
_b.S53 1929
100 1 _aSlater, John Herbert
_d1854-1921
_97351
245 1 0 _aEngravings and their value
_ba complete guide to the collection and prices of all classes of prints
_cby J. Herbert Slater.
250 _a6
260 _aLondon
_bThe Bazaar, Exchange and Mart
_c1929
300 _a707 p.
_bil., 24 láminas
_c30 cm.
500 _aIncluye índice de láminas y analítico
500 _aA69
650 1 4 _aGrabados
_xColeccionistas y colecciones
_97355
650 1 4 _aGrabadores
_97352
650 1 4 _aGrabados
_xPrecios
_97422
650 1 4 _aGrabado
_vBibliografía
_97354
902 _aGFM
942 _2lcc
_cB
999 _c2341
_d2341